000 01470nam0a2200373 4500
001 RU\NLR\BIBL_A\012542529
005 20211014150933.0
010 _a978-5-9951-4632-2
_94000
021 _aRU
_bКН-П-21-004516
_9КН-П-21-0344
035 _a(NLR Aleph) 012542529
035 _a(RuMoRGB)010560568
090 _a12404895
_c12404895
100 _a20210609d2020 c y0rusy50 ca
101 1 _arus
_cger
102 _aRU
105 _aa|||z|||000ay
181 0 _ai
_baxxe
182 0 _an
200 1 _aКак поросёнок Порки счастье искал
_eдля детей дошкольного и младшего школьного возраста
_fЛисса Леменкюлер
_gхудожник Нина Хаммерле
_g[пер. с нем. А. А. Филяевой]
203 _aТекст
_bвизуальный
_cнепосредственный
210 _aМосква
_cСтрекоза
_d2020
215 _a66, [6] с.
_cцв. ил.
_d26
225 1 _aСерия "Детская художественная литература"
686 0 _aШ9(4Г)60-4
700 1 _aЛеменкюлер
_bЛ.
_f1979-
_gЛисса
_3RU\NLR\AUTH\770234786
702 1 _aХаммерле
_bН.
_gНина
_4040
942 _cBOOK
980 _aNBR
980 _aNB